| 000 | 01280nam a22002777a 4500 | ||
|---|---|---|---|
| 005 | 2008101705355.0 | ||
| 008 | 081017t xxu||||| |||| 00| f hin d | ||
| 010 | _aHIN-84458 | ||
| 020 |
_a97881437228 _c250.00 |
||
| 035 | _aHN-56804 | ||
| 037 | _bDBAD / PUB | ||
| 040 |
_aDPL _bHN |
||
| 082 | _a142.78092 | ||
| 100 | _aधीर, युगांक | ||
| 245 |
_aसार्त्र का सच / _cयुगांक धीर |
||
| 246 |
_aSartra kaa sacha _bby Yugank Dheer |
||
| 260 |
_aनई दिल्ली _bवाणी प्रकाशन _c2008 |
||
| 270 |
_a21-ए, दरियागंज _bनई दिल्ली _e110002 _k011 23273167, 23275710 _l011 2327571 _mvaniprakashan@gmail.com |
||
| 300 |
_a220पृ _c22सेमी (सजिल्द) |
||
| 600 |
_aसार्त्र, ज्यां पाल, 1905-1980 _vजीवनी |
||
| 600 |
_aSartra, Jayan-Pal, 1905-1980 _vBiography |
||
| 650 | _aअस्तित्ववाद | ||
| 650 | _aExistentialism | ||
| 942 |
_2ddc _cHN _mधीरयु _h142.78092 |
||
| 999 |
_c16827 _d16827 |
||